| 000 | 00700nam a2200217 a 4500 | ||
|---|---|---|---|
| 005 | 20230616063527.0 | ||
| 008 | 991125s2000 ea 000 0 eng u | ||
| 020 | _a0415230284 | ||
| 035 | _aUPN01000055501 | ||
| 049 | _aCG | ||
| 050 | 4 |
_aGV443 _bH6.7 |
|
| 100 | 1 | _aHopper, Bev | |
| 245 | 1 | 0 |
_aTeaching physical education in the primary school / _cBev Hopper, Jenny Grey and Trish Maude. |
| 260 |
_aLondon : _bRoutledge Falmer, _c2000. |
||
| 300 |
_a175 p. : _bil. |
||
| 650 | 4 |
_aEducación física _xEstudio y enseñanza (Elemental) _911517 |
|
| 650 | 4 |
_aEDUCACION FISICA - _xPREPARACION DE MAESTROS _917841 |
|
| 700 | 1 |
_aGrey, Jenny, _ecoaut. |
|
| 700 | 1 |
_aMaude, Trish, _ecoaut. |
|
| 905 | _aLibro | ||
| 999 |
_c55501 _d55501 |
||